000 00484nam a2200181Ia 4500
008 240925s9999 xx 000 0 und d
020 _a9788120349513
082 _a621.319 RAY
100 _aRay, Subir
245 0 _aElectrical Power Systems Concepts Theory and Practice
250 _a2nd
260 _aNew Delhi:
_bPHI Learning
_c,2014.
300 _a431p.
_bNA
_fOriginal
500 _aIncludes Index
600 _aElectrical Engineering
650 _aTechnology
942 _cBK
999 _c13172
_d13172